Egyptian food and drink /
Main Author:
Format: Book
Language: English
Published:
Aylesbury, UK :
Shire,
1988.
Series:
Shire Egyptology ;
9.
ShirEgypt ;
9.
Subjects:
Tags: Add Tag
Call Number: DT57 .S25 v.9
| LEADER | 00748namaa2200277 4500 | ||
|---|---|---|---|
| 001 | 13324 | ||
| 003 | OSt | ||
| 005 | 20260421152855.0 | ||
| 008 | 130303s1988 enka 000 0 eng d | ||
| 020 | |a 0852639724 | ||
| 040 | |c ARCE Library | ||
| 043 | |a f-ua--- | ||
| 050 | 4 | |a DT57 .S25 v.9 | |
| 100 | 1 | |a Wilson, Hilary, |e author | |
| 245 | 1 | 0 | |a Egyptian food and drink / |c [Hilary Wilson]. |
| 264 | 1 | |a Aylesbury, UK : |b Shire, |c 1988. | |
| 300 | |a 64 pages : |b illustrations ; |c 21 cm. | ||
| 490 | 1 | |a Shire Egyptology ; |v 9. | |
| 490 | 1 | |a ShirEgypt ; |v 9. | |
| 650 | 0 | |a Food. | |
| 651 | 0 | |a Egypt |x Civilization |y To 332 B.C. | |
| 830 | 0 | |a Shire Egyptology ; |v 9. | |
| 830 | 0 | |a ShirEgypt ; |v 9. | |
| 901 | |a reviewed | ||
| 942 | |c BK |2 lcc | ||
| 999 | |c 13226 |d 13226 | ||
